000
00304nam a22001337a 4500
008
210304b ||||| |||| 00| 0 eng d
020
_a
9781884822797
041
_a
eng
080
_a
038
100
_a
23
101
_a
FJL
245
_a
The Book of 101 Opera Librettos
_c
MacMurray,M.J
942
_2
udc
_c
BK
999
_c
55710
_d
55710